German Cities bombed in WW2 - Statistics

General Stats
  • This quiz has been taken 152 times
  • The average score is 4 of 12
Answer Stats
Answer % Correct
Dresden
89%
Hamburg
86%
Munich
75%
Stuttgart
52%
Essen
38%
Duisburg
21%
Augsburg
17%
Kassel
15%
Wuppertal
12%
Braunschweig
11%
Darmstadt
10%
Heilbronn
5%
No matching quizzes found
Score Distribution
Percent of People with Each Score
Percentile by Number Answered
Your Score History
You have not taken this quiz